000 00415nam a22001577a 4500
005 20230119122452.0
008 200517b xxu||||| |||| 00| 0 eng d
041 _aeng
082 _a615 RAO
100 _aRAO Dr. G DEVALA
_95452
245 _aInorganic Pharmaceutical Chemistry
260 _aNew Delhi
_bCBS Publishers and distributors
_c2020
300 _a192
650 _aPharmacy
_xB.PHARMA
_97083
942 _cBK
999 _c6244
_d6242